000 003850000a22001690004500
005 20120302060027.0
942 _cBOOK
100 _a Shide,Jagannatha
245 _a Maajhaa Gaon Maajhi Maanasa
260 _aSawantwadi:Shivananda Yaadawade,1983.
300 _a80p.
040 _aMAR
365 _b8/-
650 _aVaangamaya
650 _aNaatak
650 _aSaamaajika Naatak
999 _c350031
_d350028